000 00282nam a22001337a 4500
008 180911b xxu||||| |||| 00| 0 eng d
020 _a9780805375855
041 _aeng
080 _a579
100 _a11
101 _aMIK
245 _aMicrobiology
_cFunke, B.R
942 _2udc
_cBK
999 _c47682
_d47682